000 00599cam a22001932 4500
001 0000020332
005 20151217161200.0
008 110912s xx 000 0 eng d
020 _a0199210657
040 _aKABU
_cKABU
245 1 4 _aThe oxford dictionary of synonyms and antonyms.
250 _a2nd ed.
260 _aOxford ;
_aNew York :
_bOxford University Press,
_c2007.
300 _ax, 514 p.
650 0 _aEnglish literature
_vDictionaries
_xSynonyms and antonyms.
_@0000180511
852 1 _9p1400 KES
908 _a110912
950 _@1
999 _c15239
_d15239